000
00302nam a22001217a 4500
020
_a
0-07-019154-9
082
_a
621.38195833 MEM
100
_a
ALTMAN,LAURENCE
_9
75421
245
_a
MEMORY DESIGN:MICROCOMPUTERS TO MAINFRAMES
260
_a
NEW YORK
_b
MCGRAW HILL
_c
1978
300
_a
180P
942
_c
BK
999
_c
580836
_d
580836